000
00335nam a22001457a 4500
008
230718b ||||| |||| 00| 0 eng d
020
_a
0023335807
041
_a
eng
080
_a
579
082
_a
579EDM
100
_a
14
101
_a
MICBIO
245
_a
MICROBIOLOGY AN ENVIRONMENTAL PERSPECTIVE
_c
EDMONDS . P
942
_2
udc
_c
BK
999
_c
60159
_d
60159